[Event "Tourn. n8912"]
[Site "www.chess-mail.com"]
[Date "2016.10.26"]
[Round "1"]
[White "Seger"]
[Black "Rons"]
[WhiteElo "2760"]
[BlackElo "2500"]
[Result "1-0"]
[Round "1"]
1.d4 Ng8f6
2.e4 d6
3.Nb1d2 g6
4.Ng1f3 Bf8g7
5.c3 O-O
6.Bf1d3 c5
7.O-O cxd4
8.cxd4 Nb8c6
9.Rf1e1 Bc8d7
10.a3 Ra8c8
11.h3 Nf6h5
12.d5 Nc6b8
13.Ra1a2 a5
14.a4 Nb8a6
15.Bd3xa6 bxa6
16.b3 Bg7c3
17.Re1e3 Bc3b4
18.Nd2c4 Nh5f4
19.Bc1d2 Rc8c5
20.Re3e1 Nf4d3
21.Re1f1 f5
22.exf5 Rf8xf5
23.Bd2e3 Rc5xd5
24.Nc4b6 Bb4c3
25.Ra2e2 Nd3f4
26.Nb6xd5 Rf5xd5
27.Re2d2 Nf4xh3
28.gxh3 Bc3xd2
29.Nf3xd2 Bd7xh3
30.Qd1f3 Rd5h5
31.Rf1c1 Bh3e6
32.Nd2e4 Rh5f5
33.Qf3e2 Qd8a8
34.Ne4g3 Qa8f3
35.Qe2xf3 Rf5xf3
36.Ng3e2 Rf3f8
37.Ne2d4 Be6d5
38.Rc1c7 e5
39.Nd4c6 Bd5xb3
40.Be3h6 Rf8e8
41.Nc6xa5 Bb3e6
42.Rc7g7 Kh8
43.Rg7a7 Be6d5
44.Ra7xa6 Re8d8
45.Na5c6 Bd5xc6
46.Ra6xc6 Kg8
47.a5 Kf7
48.a6 Ke6
49.Rc6c7 Rd8a8
50.a7 d5
51.Rc7xh7 Kd6
52.Bh6g5 Kc5
53.Bg5f6 Kd6
54.Kf1 Ke6
55.Bf6h4 d4
56.Ke2 e4
57.Bh4g3 Kf6
58.Bg3b8 { resign }
1-0

[Event "Tourn. n8965"]
[Site "www.chess-mail.com"]
[Date "2016.10.26"]
[Round "1"]
[White "Nulladies"]
[Black "Cernunnoss"]
[WhiteElo "1800"]
[BlackElo "1609"]
[Result "1-0"]
[Round "1"]
1.d4 d5
2.Bc1f4 Ng8f6
3.Ng1f3 c5
4.c3 Nb8c6
5.e3 Qd8b6
6.Qd1c2 Bc8f5
7.Qc2b3 c4
8.Qb3xb6 axb6
9.Nf3e5 Bf5xb1
10.Ra1xb1 Ra8xa2
11.Bf1e2 e6
12.O-O Bf8e7
13.Be2d1 O-O
14.b3 cxb3
15.Bd1xb3 Ra2a3
16.Rf1d1 Nc6xe5
17.dxe5  { time }
1-0

[Event "Tourn. n9014"]
[Site "www.chess-mail.com"]
[Date "2016.10.26"]
[Round "1"]
[White "Cal"]
[Black "Nulladies"]
[WhiteElo "1650"]
[BlackElo "1810"]
[Result "1-0"]
[Round "1"]
1.Ng1f3 d5
2.d4 Nb8c6
3.a3 Ng8f6
4.h3 e6
5.Nb1c3 Nf6e4
6.e3 a6
7.Bf1d3 Bf8d6
8.Bd3xe4 dxe4
9.Nf3e5 O-O
10.b4 Nc6xe5
11.dxe5 Bd6xe5
12.Bc1b2 f5
13.Qd1e2 Bc8d7
14.O-O Be5xc3
15.Bb2xc3 Bd7b5
16.Qe2h5 Bb5e8
17.Qh5e2 Be8b5
18.Qe2h5 g6
19.Qh5h6 Rf8f7
20.Rf1d1 Qd8f8
21.Qh6f4 Ra8d8
22.Rd1xd8 Qf8xd8
23.Qf4e5 Qd8d6
24.Qe5h8 { resign }
1-0

[Event "Tourn. n9025"]
[Site "www.chess-mail.com"]
[Date "2016.10.26"]
[Round "1"]
[White "Redabond"]
[Black "Roque1"]
[WhiteElo "1700"]
[BlackElo "1650"]
[Result "1-0"]
[Round "1"]
1.d4 e6
2.Bc1f4 d6
3.Nb1c3 Nb8c6
4.Ng1f3 Ng8f6
5.e3 g6
6.Bf1b5 Bf8g7
7.O-O O-O
8.Bb5xc6 bxc6
9.e4 d5
10.exd5 cxd5
11.Nc3b5 a6
12.Nb5c3 Nf6h5
13.Bf4e5 f6
14.Be5g3 Nh5xg3
15.fxg3 Qd8e7
16.Qd1d3 e5
17.Nc3xd5 Qe7d6
18.Qd3c4 e4
19.Nd5xf6 Kh8
20.Nf6xe4 Bc8e6
21.Qc4d3 Ra8b8
22.Ne4xd6 { resign }
1-0

[Event "Tourn. n8935"]
[Site "www.chess-mail.com"]
[Date "2016.10.26"]
[Round "1"]
[White "Kampungboy"]
[Black "Ejner"]
[WhiteElo "2430"]
[BlackElo "2450"]
[Result "1-0"]
[Round "1"]
1.e4 c5
2.Ng1f3 Nb8c6
3.Nb1c3 Ng8f6
4.Bf1b5 Qd8c7
5.d3 e6
6.O-O Bf8e7
7.Bb5xc6 Qc7xc6
8.Bc1g5 d6
9.e5 dxe5
10.Nf3xe5 Qc6c7
11.Rf1e1 O-O
12.Qd1f3 Bc8d7
13.Nc3e4 Qc7d8
14.Ne4xf6 Be7xf6
15.Bg5xf6 gxf6
16.Ne5xd7 Qd8xd7
17.Qf3xf6 Qd7d8
18.Qf6f3 Qd8e7
19.Qf3g3 Kh8
20.Qg3e5 f6
21.Qe5xe6 Qe7xe6
22.Re1xe6 Rf8f7
23.Ra1e1 Kg7
24.f4 Ra8d8
25.b3 Rd8d4
26.g3 Kg6
27.Re1e5 Rf7c7
28.Re6e7 Rc7c6
29.f5 { resign }
1-0

[Event "Match"]
[Site "www.echecsemail.com"]
[Date "2016.10.26"]
[Round "1"]
[White "Wagner"]
[Black "Raulazo"]
[WhiteElo "1810"]
[BlackElo "1940"]
[Result "0-1"]
[Round "1"]
1.e4 e5
2.Nb1c3 Bf8c5
3.Bf1c4 Qd8f6
4.Ng1h3 d6
5.Nc3d5 Qf6d8
6.d3 Bc8xh3
7.gxh3 c6
8.Nd5c3 Ng8f6
9.Bc1g5 Nb8d7
10.a3 O-O
11.h4 Qd8b6
12.Ra1b1 Bc5xf2
13.Kf1 Nf6e8
14.h3 Bf2g3
15.Ke2 Qb6f2
{ resign }
0-1

[Event "Match"]
[Site "www.echecsemail.com"]
[Date "2016.10.26"]
[Round "1"]
[White "Aalekhine"]
[Black "Ledzepp"]
[WhiteElo "1499"]
[BlackElo "1470"]
[Result "1-0"]
[Round "1"]
1.d4 d5
2.c4 dxc4
3.Nb1c3 Nb8c6
4.Ng1f3 e5
5.d5 Nc6b4
6.Nf3xe5 Bc8f5
7.e4 Bf5d7
8.Bf1xc4 Ng8f6
9.a3 Nb4a6
10.Ne5xd7 Nf6xd7
11.O-O Nd7e5
12.Bc4e2 Bf8d6
13.f4 Ne5g6
14.Be2b5 c6
15.dxc6 O-O
16.cxb7 Qd8b6
17.Kh1 Qb6xb7
18.Qd1xd6 Ra8d8
19.Qd6xa6 Qb7c7
20.Nc3d5 Qc7c5
21.Bc1e3 Qc5c8
22.Qa6xa7 Qc8g4
23.Be3c5 Rd8a8
24.Qa7d7 Qg4xd7
25.Bb5xd7 Rf8d8
26.Bd7b5 Ra8b8
27.a4 Rb8c8
28.Nd5e7 Ng6xe7
29.Bc5xe7 Rd8d2
30.b4 g6
31.Rf1d1 Rd2f2
32.Rd1f1 Rf2d2
33.Rf1d1 Rd2f2
34.Rd1d8 Rc8xd8
35.Be7xd8 Rf2xf4
36.Bb5c6 Rf4f2
37.Bc6d5 Kg7
38.b5 f5
39.exf5 Rf2xf5
40.Bd5c6 Rf5f8
41.Bd8b6 Rf8b8
42.Bb6c5 Kf7
43.a5 Ke6
44.a6 Rb8xb5
45.Bc6xb5 Kd5
46.Bc5f2 Ke5
47.a7 Kf6
48.a8Q g5
49.Qa8f8 Kg6
50.Bb5e8 
1-0

[Event "Match"]
[Site "www.echecsemail.com"]
[Date "2016.10.26"]
[Round "1"]
[White "Irene"]
[Black "Darknight"]
[WhiteElo "1990"]
[BlackElo "1730"]
[Result "1/2-1/2"]
[Round "1"]
1.d4 d5
2.Ng1f3 h6
3.Nb1c3 e6
4.e3 a6
5.Bf1d3 Bf8b4
6.Bc1d2 Ng8e7
7.a3 Bb4xc3
8.Bd2xc3 b5
9.Nf3e5 O-O
10.Qd1h5 f6
11.Ne5g6 Ne7xg6
12.Qh5xg6 f5
13.g4 Rf8f6
14.Qg6h5 Bc8d7
15.gxf5 exf5
16.O-O-O Nb8c6
17.Rh1g1 Qd8f8
18.Rg1g2 Rf6f7
19.Qh5xh6 Nc6e7
20.Bc3a5 Ra8c8
21.Rd1g1 g6
22.Qh6h4 Rf7h7
23.Qh4g3 c6
24.Ba5b4 Rh7h6
25.Bb4xe7 Qf8xe7
26.Qg3xg6 Rh6xg6
27.Rg2xg6 Kh7
28.Bd3e2 Bd7e8
29.Rg6g3 Qe7h4
30.Rg3g7 Kh6
31.Rg7g8 Qh4f6
32.Rg8g3 Qf6h4
33.Rg3g8 Qh4f6
{ draw }
1/2-1/2

[Event "Match"]
[Site "www.echecsemail.com"]
[Date "2016.10.26"]
[Round "1"]
[White "Joseph1983"]
[Black "Krystek23"]
[WhiteElo "2090"]
[BlackElo "2330"]
[Result "0-1"]
[Round "1"]
1.e4 c5
2.Ng1f3 e6
3.d4 cxd4
4.Nf3xd4 Nb8c6
5.Bc1e3 a6
6.Bf1e2 d6
7.c4 Bc8d7
8.Nb1c3 Bf8e7
9.Qd1d2 Ra8c8
10.f4 Be7h4
11.g3 Bh4e7
12.b3 h5
13.Be2f3 Qd8c7
14.Ra1c1 Qc7a5
15.Kf2 Ng8f6
16.h3 Nc6xd4
17.Qd2xd4 Bd7c6
18.g4 Nf6d7
19.g5 e5
20.Qd4d2 exf4
21.Be3xf4 Nd7e5
22.Bf3e2 Ne5g6
23.Bf4e3 Qa5e5
24.Be2f3 f5
25.Be3d4 Be7xg5
26.Bd4xe5 Bg5xd2
27.Be5xg7 Rh8h7
28.Rc1d1 Bd2xc3
29.Bg7xc3 fxe4
30.Rd1xd6 Rh7f7
{ resign }
0-1

[Event "Match"]
[Site "www.echecsemail.com"]
[Date "2016.10.26"]
[Round "1"]
[White "Manuelito"]
[Black "Pellix84"]
[WhiteElo "1599"]
[BlackElo "1950"]
[Result "1-0"]
[Round "1"]
1.d4 Ng8f6
2.e3 g6
3.c4 Bf8g7
4.Ng1f3 O-O
5.Bf1e2 d6
6.Nb1c3 Nb8d7
7.O-O c5
8.dxc5 Nd7xc5
9.h3 Bc8f5
10.Nf3d4 Qd8d7
11.b3 Ra8c8
12.Bc1b2 h5
13.Be2f3 Nf6e4
14.Nc3xe4 Nc5xe4
15.Qd1e2 Ne4g5
16.Ra1b1 Bf5xh3
17.gxh3 Qd7xh3
18.Bf3g2 Qh3h4
19.Nd4f3 Ng5h3
20.Kh2 Nh3f4
21.Nf3xh4 Nf4xe2
22.Bb2xg7 Kxg7
23.Bg2f3 Ne2c3
24.Rb1b2 Rc8c5
25.Bf3xb7 g5
26.Nh4f3 g4
27.Nf3h4 f5
28.f4 e5
29.fxe5 Rc5xe5
30.Rb2f2 g3
31.Kxg3 Re5xe3
32.Rf2f3 f4
33.Kg2 Re3xf3
34.Bb7xf3 Kh6
35.a3 a5
36.Rf1e1 Kg5
37.Kh3 Rf8b8
38.c5 Rb8xb3
39.cxd6 Nc3b5
40.Re1d1 Nb5c3
41.Rd1d3 { resign }
1-0

[Event "Match"]
[Site "www.echecsemail.com"]
[Date "2016.10.26"]
[Round "1"]
[White "Orae"]
[Black "Pare123"]
[WhiteElo "1810"]
[BlackElo "1950"]
[Result "0-1"]
[Round "1"]
1.e4 c5
2.Bf1c4 e6
3.d4 Nb8c6
4.d5 Nc6e5
5.Qd1e2 Ng8f6
6.Bc1f4 Bf8d6
7.c3 Ne5xc4
8.Qe2xc4 Bd6xf4
9.g3 Bf4d6
10.Ng1f3 e5
11.Nb1d2 b6
12.O-O-O O-O
13.h3 a5
14.g4 Bc8a6
15.Qc4b3 Ba6d3
16.c4 Bd3xe4
17.Qb3e3 Be4xf3
18.Nd2xf3 Qd8c7
19.g5 Nf6h5
20.Rd1g1 g6
21.Nf3h2 Nh5f4
22.Nh2g4 Kg7
23.h4 Nf4h5
24.b3 a4
25.Kc2 axb3
26.Qe3xb3 Qc7a7
27.Rg1a1 Qa7a4
28.Qb3xa4 Ra8xa4
29.Kb3 Ra4b4
30.Kc3 Rf8a8
31.a3 Rb4a4
32.Kb3 b5
 { time }
0-1

[Event "Fast Game"]
[Site "www.echecsemail.com"]
[Date "2016.10.26"]
[Round "1"]
[White "Sportuga"]
[Black "Krazy4chess"]
[WhiteElo "1849"]
[BlackElo "1949"]
[Result "1-0"]
[Round "1"]
1.e4 c5
2.g3 Nb8c6
3.Bf1g2 d6
4.Ng1e2 g6
5.c3 Bf8g7
6.d4 cxd4
7.cxd4 Ng8f6
8.O-O e6
9.Nb1c3 O-O
10.Bc1g5 Qd8a5
11.Bg5d2 Qa5c7
12.Qd1b3 Ra8b8
13.Ra1c1 Qc7d7
14.Rf1d1 a6
15.e5 Nf6e8
16.exd6 Ne8xd6
17.Bd2f4 Rb8a8
18.d5 Nc6a5
19.dxe6 Na5xb3
20.exd7 Nb3xc1
21.Ne2xc1 { resign }
1-0

[Event "Tourn. n8922"]
[Site "www.chess-mail.com"]
[Date "2016.10.27"]
[Round "1"]
[White "Osopanda"]
[Black "Fred"]
[WhiteElo "1990"]
[BlackElo "2040"]
[Result "1-0"]
[Round "1"]
1.Ng1f3 f5
2.c4 Nb8c6
3.d4 d5
4.cxd5 Qd8xd5
5.Nb1c3 Qd5d8
6.d5 Nc6b4
7.a3 Nb4a6
8.Bc1g5 Ng8f6
9.e3 e6
10.Bf1xa6 bxa6
11.O-O Bf8e7
12.dxe6 Bc8xe6
13.Nf3d4 Be6d7
14.Qd1f3 O-O
15.Rf1d1 Nf6g4
16.Bg5xe7 Qd8xe7
17.Ra1c1 Ra8d8
18.Nc3d5 Qe7e4
19.Nd5xc7 Bd7a4
20.b3 Ba4d7
21.Nc7xa6 Ng4e5
22.Qf3xe4 fxe4
23.Na6c5 Bd7g4
24.Rd1d2 Rd8d6
25.h3 Bg4h5
26.Rd2c2 h6
27.Nc5e6 Rf8f7
28.Rc2c8 Kh7
29.Rc8c7 Ne5d3
30.Rc1c4 Kg6
31.Rc7xf7 Kxf7
32.Rc4c7 Kf6
33.Ne6xg7 Bh5f7
34.Nd4f5 Rd6b6
35.Rc7xa7 Bf7xb3
36.Nf5d4 Bb3f7
37.Ng7f5 Rb6b1
38.Kh2 Rb1b6
39.f3 exf3
40.gxf3 h5
41.Nf5h6 Bf7g6
42.Nh6g8 Kg5
43.Ra7a5 Kh4
44.Ng8e7 Rb6b2
45.Kg1 Kg3
46.Ra5g5 Kh4
47.Rg5xg6 Rb2b1
48.Kg2 Rb1b2
49.Kg1 Rb2b1
50.Kh2 Rb1b2
51.Rg6g2 Rb2xg2
52.Kxg2 Kg5
53.f4 Kf6
54.Ne7f5 Nd3c5
55.Kg3 Nc5e4
56.Kh4 Ne4f2
57.Kxh5 Nf2xh3
58.a4 Nh3f2
59.a5 Nf2e4
60.a6 { resign }
1-0

[Event "Tourn. n8989"]
[Site "www.chess-mail.com"]
[Date "2016.10.27"]
[Round "1"]
[White "Falcoale"]
[Black "Manuelito"]
[WhiteElo "1610"]
[BlackElo "1599"]
[Result "1-0"]
[Round "1"]
1.e4 e5
2.Ng1f3 d6
3.Bf1c4 Nb8c6
4.d4 exd4
5.Nf3xd4 Nc6xd4
6.Qd1xd4 Qd8f6
7.Qd4d3 Bc8e6
8.O-O Ng8e7
9.Nb1c3 Be6xc4
10.Qd3xc4 O-O-O
11.Nc3b5 Ne7c6
12.Bc1e3 a6
13.Nb5a7 Nc6xa7
14.Be3xa7 Kd7
15.Ba7d4 Qf6e6
16.Qc4d3 Kc8
17.a4 f6
18.b4 b6
19.c4 g6
20.a5 c5
21.Bd4e3 Kc7
22.axb6 Kxb6
23.bxc5 Kc7
24.Ra1xa6 Qe6c8
25.Be3f4 Qc8xa6
26.cxd6 Bf8xd6
27.Bf4xd6 Qa6xd6
28.Qd3c3 Qd6d4
29.Qc3a5 Kd6
30.Qa5a6 Kc5
31.Qa6a7 Kxc4
32.Qa7a6 Kc5
33.h3 Rd8d6
34.Rf1c1 Kb4
35.Qa6b7 Rd6b6
36.Rc1b1 Ka5
37.Qb7a7 Rb6a6
38.Qa7xd4 { resign }
1-0

[Event "Tourn. n8988"]
[Site "www.chess-mail.com"]
[Date "2016.10.27"]
[Round "1"]
[White "Manuelito"]
[Black "Taxrama"]
[WhiteElo "1599"]
[BlackElo "1820"]
[Result "1-0"]
[Round "1"]
1.d4 d6
2.e3 Bc8d7
3.Ng1f3 e6
4.c4 Ng8f6
5.Nb1c3 c6
6.Bf1e2 Bf8e7
7.O-O O-O
8.b4 d5
9.c5 Nf6g4
10.h3 Ng4f6
11.Bc1b2 Qd8c7
12.a3 b6
13.cxb6 axb6
14.Nf3e5 g6
15.Ne5xd7 Nb8xd7
16.Be2f3 Be7d6
17.g3 Nf6h5
18.Bf3xh5 gxh5
19.Qd1xh5 Kh8
20.Ra1c1 Bd6xg3
21.fxg3 Qc7xg3
22.Kh1 Rf8g8
23.Rf1g1 Qg3f2
24.Bb2a1 Nd7f6
25.Qh5h6 Nf6e4
26.Nc3xe4 Qf2f3
27.Kh2 Qf3xe4
28.Qh6f6 Rg8g7
29.Qf6xg7 
1-0

[Event "Tourn. n8952"]
[Site "www.chess-mail.com"]
[Date "2016.10.27"]
[Round "1"]
[White "Ditto"]
[Black "Cernunnoss"]
[WhiteElo "1850"]
[BlackElo "1609"]
[Result "1-0"]
[Round "1"]
1.e4 d5
2.exd5 Qd8xd5
3.Ng1f3 Ng8f6
4.Nb1c3 Qd5a5
5.d3 c6
6.Bc1d2 Bc8f5
7.Nc3e4 Qa5d8
8.Ne4xf6 gxf6
9.Bf1e2 e6
10.O-O Nb8d7
11.Bd2c3 Bf8d6
12.Nf3d4 Bf5g6
13.Rf1e1 O-O
14.Be2g4 f5
15.Bg4f3 e5
16.Nd4b3 Qd8c7
17.Bc3a5 b6
18.Ba5c3  { time }
1-0

[Event "Tourn. n8988"]
[Site "www.chess-mail.com"]
[Date "2016.10.27"]
[Round "1"]
[White "Taxrama"]
[Black "Llcervello"]
[WhiteElo "1820"]
[BlackElo "1660"]
[Result "1-0"]
[Round "1"]
1.e4 e5
2.Bf1c4 Ng8f6
3.Nb1c3 c6
4.Ng1f3 b5
5.Bc4b3 Bf8c5
6.h3 h6
7.O-O d6
8.d4 exd4
9.Nf3xd4 b4
10.Nc3e2 Nf6xe4
11.f3 Ne4f6
12.Qd1d3 Bc5xd4
13.Ne2xd4 c5
14.Rf1e1 Kf8
15.Qd3c4 Qd8d7
16.Bc1f4 Bc8a6
17.Bf4xd6 Kg8
18.Qc4xc5 g6
19.Re1e7 Qd7c8
20.Bb3xf7 Kf8
21.Re7c7 Kg7
22.Bf7e6 Nb8d7
23.Bd6e5 h5
24.Qc5e7 Kh6
25.Be5f4 g5
26.Nd4f5 Kg6
27.Qe7f7 
1-0

[Event "Tourn. n8925"]
[Site "www.chess-mail.com"]
[Date "2016.10.27"]
[Round "1"]
[White "Hundegana"]
[Black "Picifarkinca"]
[WhiteElo "1980"]
[BlackElo "1980"]
[Result "1-0"]
[Round "1"]
1.e4 e5
2.g3 d5
3.Bf1g2 d4
4.d3 c5
5.c3 Nb8c6
6.Ng1f3 h6
7.O-O Bc8g4
8.h3 Bg4xf3
9.Bg2xf3 Ng8f6
10.a3 Bf8e7
11.Qd1b3 Ra8b8
12.Kh2 O-O
13.Nb1d2 b5
14.Ra1b1 a5
15.Qb3c2 b4
16.c4 bxa3
17.bxa3 Qd8c7
18.Rb1xb8 Rf8xb8
19.Bc1b2 a4
20.Rf1b1 Nf6d7
21.Qc2xa4 Nc6a5
22.Bf3g4 Nd7f6
23.Bg4f3 g5
24.Bb2a1 Rb8xb1
25.Nd2xb1 Qc7b6
26.Qa4b5 Be7d8
27.Qb5xb6 Bd8xb6
28.Ba1b2 Na5b3
29.Bf3d1 Nb3a5
30.Nb1d2 Kf8
31.Nd2f3 Bb6d8
32.Nf3xe5 Ke7
33.Bd1a4 Bd8c7
34.Ne5c6 Na5xc6
35.Ba4xc6 Nf6d7
36.Bc6xd7 Kxd7
37.Bb2c1 Kc6
38.Bc1d2 f6
39.f4 Kd6
40.fxg5 hxg5
41.Kg2 Ke6
42.Kf3 Bc7d8
43.h4 Kf7
44.Kg4 Kg6
45.hxg5 fxg5
46.Kf3 Bd8c7
47.g4 Bc7d8
48.e5 Kf7
49.Ke4 { resign }
1-0

[Event "Tourn. n8887"]
[Site "www.chess-mail.com"]
[Date "2016.10.27"]
[Round "1"]
[White "Ejner"]
[Black "Conde7"]
[WhiteElo "2440"]
[BlackElo "2850"]
[Result "0-1"]
[Round "1"]
1.Ng1f3 Ng8f6
2.d4 e6
3.c4 Bf8b4
4.Bc1d2 Bb4xd2
5.Qd1xd2 b6
6.g3 Bc8a6
7.b3 d5
8.cxd5 exd5
9.Nb1c3 O-O
10.Bf1g2 Nb8d7
11.O-O Ba6b7
12.Ra1c1 c6
13.Nf3e5 Qd8e7
14.Qd2g5 h6
15.Qg5f5 Nd7xe5
16.dxe5 Nf6h7
17.Rf1d1 Ra8d8
18.e4 d4
19.Nc3e2 c5
20.Qf5h5 f6
21.f4 Rf8e8
22.b4 d3
23.Ne2c3 fxe5
24.fxe5 c4
25.Nc3d5 Bb7xd5
26.exd5 b5
27.a4 a6
28.e6 Nh7f6
29.Qh5h4 Qe7a7
30.Kh1 Nf6xd5
{ resign }
0-1

[Event "Tourn. n9012"]
[Site "www.chess-mail.com"]
[Date "2016.10.27"]
[Round "1"]
[White "Bojan"]
[Black "Francesco"]
[WhiteElo "1900"]
[BlackElo "1950"]
[Result "0-1"]
[Round "1"]
1.c4 Ng8f6
2.b4 g6
3.Bc1b2 Bf8g7
4.e3 d6
5.d3 O-O
6.Nb1d2 Bc8g4
7.f3 Bg4d7
8.Qd1c2 c5
9.bxc5 dxc5
10.Qc2c3 Nf6h5
11.Qc3b3 b6
12.Ng1e2 Nb8c6
13.g4 Nh5f6
14.h3 Qd8c7
15.Bf1g2 Ra8d8
16.f4 Nc6a5
17.Qb3c2 Bd7c6
18.Rh1g1 Rd8d7
19.Nd2b3 Na5xb3
20.axb3 Rf8d8
21.Ra1d1 Bc6xg2
22.Rg1xg2 Qc7c6
23.Kf1 Qc6f3
24.Kg1 Qf3xe3
25.Kh2 Qe3f3
26.Rg2g3 Qf3b7
27.h4 Nf6e4
28.Rg3f3 Ne4c3
29.Rf3g3 Nc3xe2
30.Bb2xg7 Ne2xg3
31.Bg7h6 Qb7f3
32.Qc2b2 Qf3e2
{ resign }
0-1

[Event "Tourn. n9029"]
[Site "www.chess-mail.com"]
[Date "2016.10.27"]
[Round "1"]
[White "Mao"]
[Black "Albertf"]
[WhiteElo "1780"]
[BlackElo "1860"]
[Result "1-0"]
[Round "1"]
1.e4 e5
2.Ng1f3 Nb8c6
3.Bf1c4 Ng8f6
4.Nb1c3 b6
5.d3 Bc8b7
6.Bc1g5 Bf8e7
7.O-O O-O
8.h3 Nf6h5
9.Bg5xe7 Qd8xe7
10.Nc3d5 Qe7d8
11.Bc4b3 Kh8
12.Nf3xe5 Nc6xe5
13.Qd1xh5 Ne5g6
14.f4 c6
15.Nd5e3 Qd8h4
16.Qh5xh4 Ng6xh4
17.f5 { resign }
1-0

[Event "Tourn. n9022"]
[Site "www.chess-mail.com"]
[Date "2016.10.27"]
[Round "1"]
[White "Seger"]
[Black "Foxy100"]
[WhiteElo "2790"]
[BlackElo "2310"]
[Result "1-0"]
[Round "1"]
1.e4 e5
2.c4 d6
3.Ng1e2 Ng8f6
4.Nb1c3 c5
5.d3 Nb8c6
6.g3 Bf8e7
7.Bf1g2 O-O
8.O-O Nc6d4
9.a4 a6
10.Ne2xd4 cxd4
11.Nc3d5 Nf6xd5
12.exd5 Qd8b6
13.a5 Qb6c7
14.f4 Be7f6
15.Bg2e4 b5
16.axb6 Qc7xb6
17.Bc1d2 Bc8d7
18.b4 Rf8e8
19.Qd1h5 h6
20.Ra1e1 { resign }
1-0

[Event "Tourn. n9012"]
[Site "www.chess-mail.com"]
[Date "2016.10.27"]
[Round "1"]
[White "Malbertan"]
[Black "Francesco"]
[WhiteElo "2010"]
[BlackElo "1960"]
[Result "1-0"]
[Round "1"]
1.e4 c6
2.f4 d5
3.Ng1f3 dxe4
4.Nf3g5 Ng8f6
5.Nb1c3 Bc8f5
6.Bf1c4 e6
7.Qd1e2 Bf8d6
8.Ng5xe4 Bd6xf4
9.d3 Bf4xc1
10.Ra1xc1 Bf5g4
11.Qe2f2 Nb8d7
12.Ne4d6 Ke7
13.Nd6e4 Rh8e8
14.O-O Kf8
15.Ne4d6 Re8e7
16.Nd6xb7 Qd8b8
17.Nb7c5 Qb8xb2
18.Nc5a4 Qb2b7
19.Rc1b1 Qb7c7
20.Na4c5 Nd7xc5
21.Qf2xc5 Kg8
22.Bc4a6 Ra8e8
23.Rb1b7 Nf6d7
24.Qc5xe7 Qc7xb7
25.Qe7xf7 { resign }
1-0

[Event "Tourn. n9014"]
[Site "www.chess-mail.com"]
[Date "2016.10.27"]
[Round "1"]
[White "Nulladies"]
[Black "Caspito"]
[WhiteElo "1810"]
[BlackElo "1800"]
[Result "1/2-1/2"]
[Round "1"]
1.d4 Ng8f6
2.Bc1f4 g6
3.Ng1f3 d6
4.e3 Bf8g7
5.Nb1d2 Bc8g4
6.h3 Bg4xf3
7.Qd1xf3 c6
8.Bf1e2 Nb8d7
9.c4 O-O
10.h4 e5
11.Bf4g5 Qd8a5
12.e4 exd4
13.O-O c5
14.Nd2b3 Qa5c7
15.Ra1d1 a6
16.Bg5f4 Qc7b6
17.Be2d3 a5
18.Qf3g3 Nf6h5
19.Qg3h2 a4
20.Bf4xd6 Rf8e8
21.Bd6c7 Qb6c6
22.Nb3c1 Nd7e5
23.Bc7xe5 Bg7xe5
24.g3 Qc6b6
25.f4 Be5c7
26.e5 Qb6e6
27.a3 f5
28.Bd3e2 Kf7
29.Be2xh5 gxh5
30.Nc1d3 b6
{ draw }
1/2-1/2

[Event "Tourn. n8962"]
[Site "www.chess-mail.com"]
[Date "2016.10.27"]
[Round "1"]
[White "Falcoale"]
[Black "Cal"]
[WhiteElo "1570"]
[BlackElo "1680"]
[Result "1-0"]
[Round "1"]
1.e4 e5
2.Ng1f3 d6
3.b3 a6
4.Bc1b2 h6
5.d4 exd4
6.Nf3xd4 c5
7.Nd4f3 Bf8e7
8.Bb2xg7 Rh8h7
9.Bg7b2 Ng8f6
10.Bf1d3 b5
11.O-O Bc8g4
12.h3 Bg4h5
13.Nb1d2 Nb8c6
14.Qd1e1 d5
15.e5 Bh5xf3
16.Bd3xh7 Nf6xh7
17.Nd2xf3 Qd8d7
18.Ra1d1 Qd7e6
19.Qe1d2 Ra8d8
20.Qd2d3 c4
21.Qd3xh7 Kd7
22.Rd1d2 a5
23.Rd2e2 Kc7
24.Nf3d4 Nc6xd4
25.Bb2xd4 Be7g5
26.f4 Bg5h4
27.f5 Qe6e8
28.e6 Qe8e7
29.Qh7xf7 cxb3
30.cxb3 Kd6
31.Bd4e5 Kc6
32.Re2c2 Kb6
33.Qf7xe7 Bh4xe7
34.Be5c7 { resign }
1-0

[Event "Tourn. n8969"]
[Site "www.chess-mail.com"]
[Date "2016.10.27"]
[Round "1"]
[White "Mao"]
[Black "Azulmarino"]
[WhiteElo "1650"]
[BlackElo "1650"]
[Result "1-0"]
[Round "1"]
1.e4 e5
2.Ng1f3 Nb8c6
3.Bf1c4 h6
4.d4 exd4
5.Nf3xd4 Nc6e5
6.Bc4b3 Ng8f6
7.Nb1c3 Bf8b4
8.O-O d6
9.Rf1e1 Bc8g4
10.f3 Bg4h5
11.Nd4f5 Nf6xe4
12.Nf5xg7 Kf8
13.Nc3xe4 Kxg7
14.c3 Bb4a5
15.Bc1f4 Qd8h4
16.Bf4xe5 dxe5
17.Qd1d5 Ba5b6
18.Kh1 Rh8e8
19.Qd5xb7 Bh5xf3
20.gxf3 Qh4f4
21.Ne4g3 Bb6f2
22.Ng3h5 Kf8
23.Nh5xf4 Bf2xe1
24.Ra1xe1 exf4
25.Re1xe8 Ra8xe8
26.Qb7xc7 Re8e7
27.Qc7d8 Re7e8
28.Qd8f6 Kg8
29.Qf6xf7 Kh8
30.Qf7xe8 Kg7
31.Qe8f7 { resign }
1-0

[Event "Tourn. n8958"]
[Site "www.chess-mail.com"]
[Date "2016.10.27"]
[Round "1"]
[White "Passaroa25"]
[Black "Falcoale"]
[WhiteElo "1520"]
[BlackElo "1540"]
[Result "1-0"]
[Round "1"]
1.e4 c5
2.c3 e6
3.d3 Nb8c6
4.Bc1e3 b6
5.Ng1e2 Bc8b7
6.Ne2g3 Ng8f6
7.Nb1d2 Bf8e7
8.Bf1e2 O-O
9.O-O d5
10.f3 d4
11.Be3f2 Qd8c8
12.Nd2b3 Rf8d8
13.Rf1e1 a6
14.Ra1b1 e5
15.Ng3f5 Be7f8
16.Nb3d2 g6
17.Nf5g3 b5
18.a3 dxc3
19.bxc3 c4
20.dxc4 bxc4
21.Be2xc4 Nc6a5
22.Qd1e2 Rd8xd2
23.Bc4xf7 Kxf7
24.Qe2xd2 Na5c4
25.Qd2a2 Kg7
26.a4 Qc8c6
27.h3 Ra8d8
28.Re1d1 Nc4a5
29.Rd1xd8 Qc6xc3
30.Kh2 Qc3c7
31.Bf2b6 Qc7c5
32.Bb6xc5 { resign }
1-0

[Event "Tourn. n8998"]
[Site "www.chess-mail.com"]
[Date "2016.10.27"]
[Round "1"]
[White "Cal"]
[Black "Albertf"]
[WhiteElo "1670"]
[BlackElo "1700"]
[Result "0-1"]
[Round "1"]
1.c4 Ng8f6
2.Nb1c3 g6
3.e4 Bf8g7
4.d4 d6
5.e5 dxe5
6.dxe5 Qd8xd1
7.Nc3xd1 Nf6h5
8.Ng1f3 Bc8g4
9.Bf1e2 Nb8c6
10.a3 Nc6xe5
11.Nf3xe5 Bg4xe2
12.Kxe2 Bg7xe5
13.Bc1e3 O-O-O
14.f3 Rd8d7
15.g4 Nh5f4
16.Be3xf4 Be5xf4
17.Nd1c3 Rd7d2
18.Ke1 Rd2xb2
19.h4 Rh8d8
20.Rh1g1 Bf4d2
21.Kf1 Bd2xc3
22.Ra1c1 Rd8d3
23.a4 Rd3xf3
{ resign }
0-1

[Event "Tourn. n9010"]
[Site "www.chess-mail.com"]
[Date "2016.10.27"]
[Round "1"]
[White "Caspito"]
[Black "Falcoale"]
[WhiteElo "1770"]
[BlackElo "1660"]
[Result "1-0"]
[Round "1"]
1.e4 c5
2.b3 Nb8c6
3.Bc1b2 Ng8f6
4.e5 Nc6xe5
5.Bb2xe5 e6
6.Bf1b5 a6
7.Bb5e2 d6
8.Be5xf6 Qd8xf6
9.Nb1c3 Bf8e7
10.Ng1f3 O-O
11.O-O Be7d8
12.Nc3e4 Qf6e7
13.d4 cxd4
14.Qd1xd4 e5
15.Qd4b4 a5
16.Qb4c4 Bc8e6
17.Qc4c3 Ra8c8
18.Qc3b2 Be6f5
19.Be2d3 Bf5xe4
20.Bd3xe4 f5
21.Be4d5 Kh8
22.c4 Qe7c7
23.Qb2c2 Bd8f6
24.Ra1d1 Qc7e7
25.Qc2xf5 Qe7d8
26.Bd5xb7 Rc8c7
27.Bb7e4 g6
28.Qf5h3 g5
29.c5 Rc7xc5
30.Qh3xh7 { resign }
1-0

[Event "Match"]
[Site "www.echecsemail.com"]
[Date "2016.10.27"]
[Round "1"]
[White "Roque1"]
[Black "Caspito"]
[WhiteElo "1710"]
[BlackElo "1830"]
[Result "0-1"]
[Round "1"]
1.e4 e5
2.Ng1f3 Nb8c6
3.Bf1b5 a6
4.Bb5a4 b5
5.Ba4b3 Ng8h6
6.d3 g6
7.Bc1g5 f6
8.Bg5h4 g5
9.Bh4g3 Bc8b7
10.Nb1c3 Bf8b4
11.O-O Bb4xc3
12.Nf3xe5 Bc3xe5
13.Qd1h5 Ke7
14.Qh5xh6 Qd8f8
15.Qh6h3 Be5xg3
16.fxg3 Ra8d8
17.Ra1e1 Nc6d4
18.e5 f5
19.g4 f4
20.Qh3h5 Qf8g7
21.h4 Nd4xb3
22.axb3 Qg7g6
23.hxg5 Qg6xh5
24.gxh5 Rd8f8
25.Kh2 Ke6
26.Kh3 c5
27.g4 Rf8f7
28.h6 a5
29.Kh4 Bb7c6
30.Kh5 Bc6g2
31.Rf1f2 f3
32.c3 Rh8g8
33.d4 cxd4
34.cxd4 Rf7f4
35.Re1d1 Bg2h3
36.d5 Kxe5
37.Rd1e1 Kd6
38.Kh4 Bh3xg4
39.Kg3 Rf4b4
40.Kh4 Bg4f5
41.Kg3 Rg8xg5
42.Kxf3 Bf5g4
43.Ke3 Rg5e5
44.Kd2 Rb4d4
45.Kc3 Re5xd5
46.Rf2f6 Bg4e6
47.Rf6f8 b4
48.Kc2 Rd5c5
49.Kb1 Be6xb3
50.Rf8f6 Kc7
51.Rf6f7 Bb3xf7
52.Re1e7 Rd4d1

0-1

[Event "Match"]
[Site "www.echecsemail.com"]
[Date "2016.10.27"]
[Round "1"]
[White "Gambitmiau"]
[Black "Coraza"]
[WhiteElo "1850"]
[BlackElo "1790"]
[Result "1-0"]
[Round "1"]
1.e4 e5
2.d4 exd4
3.c3 dxc3
4.Bf1c4 Qd8f6
5.Nb1xc3 Bf8b4
6.Bc1d2 Bb4c5
7.Ng1f3 Qf6e7
8.O-O h6
9.Nc3d5 Qe7d6
10.b4 Bc5b6
11.e5 Qd6c6
12.Ra1c1 Qc6g6
13.Bd2e3 c6
14.Be3xb6 axb6
15.Nd5c7 Kd8
16.Nc7xa8 b5
17.Bc4d3 Qg6e6
18.Qd1b3 Qe6xb3
19.axb3 Ng8e7
20.Nf3d4 Nb8a6
21.Nd4c2 Ne7d5
22.f4 Ke7
23.Bd3e4 Nd5c3
24.Be4f3 Nc3a2
25.Rc1a1 Na2c3
26.f5 f6
27.Ra1e1 Kf7
28.Bf3h5 Kf8
29.exf6 Kg8
30.Re1e8 Kh7
31.Bh5g6 { resign }
1-0

[Event "Match"]
[Site "www.echecsemail.com"]
[Date "2016.10.27"]
[Round "1"]
[White "Caspito"]
[Black "Ditto"]
[WhiteElo "1770"]
[BlackElo "1780"]
[Result "1-0"]
[Round "1"]
1.e4 c5
2.b3 e6
3.Bc1b2 Ng8f6
4.e5 Nf6d5
5.Qd1f3 Bf8e7
6.Nb1c3 Nd5xc3
7.Bb2xc3 Nb8c6
8.Bf1b5 O-O
9.Ng1h3 Nc6b8
10.O-O a6
11.Bb5d3 d6
12.Nh3f4 d5
13.Qf3h3 h6
14.Nf4h5 Be7g5
15.f4 Bg5h4
16.Qh3g4 g6
17.Bd3xg6 { resign }
1-0